书目信息 |
| 题名: |
陕西精准脱贫研究报告
|
|
| 作者: | 司晓宏 , 白宽犁 , 于宁锴 主编 | |
| 分册: | 2021 | |
| 出版信息: | 北京 社会科学文献出版社 2021.01 |
|
| 页数: | 299页 | |
| 开本: | 25cm | |
| 丛书名: | 皮书系列 | |
| 单 册: | ||
| 中图分类: | F126 | |
| 科图分类: | ||
| 主题词: | 扶贫--fu pin--工作概况--研究报告--陕西--2021 | |
| 电子资源: | ||
| ISBN: | 978-7-5201-7917-1 | |
| 000 | 01432nam 2200337 450 | |
| 001 | CAL 0120217121788 | |
| 005 | 20210408173712.5 | |
| 010 | @a978-7-5201-7917-1@b精装@dCNY158.00 | |
| 100 | @a20210407d2021 em y0chiy0120 ea | |
| 101 | 0 | @achi@deng@eeng |
| 102 | @aCN@b110000 | |
| 105 | @ay a 000yy | |
| 106 | @ar | |
| 200 | 1 | @a陕西精准脱贫研究报告@Ashan xi jing zhun tuo pin yan jiu bao gao@h2021@d= Report on precision-targeted poverty alleviation in shaanxi@h2021@f主编司晓宏, 白宽犁, 于宁锴@zeng |
| 210 | @a北京@c社会科学文献出版社@d2021.01 | |
| 215 | @a299页@d25cm | |
| 225 | 2 | @a皮书系列@Api shu xi lie |
| 300 | @a陕西蓝皮书·精准脱贫/陕西省社会科学院编 No.5 2021版 | |
| 300 | @a“十二五”“十三五”国家重点图书出版规划项目 | |
| 320 | @a有书目 | |
| 330 | @a本书包含总报告、综合篇、区域篇和专题篇四部分, 回顾陕西近年来各个领域脱贫攻坚历程, 深入研究陕西取得的成效与经验, 为巩固脱贫攻坚成果, 有效衔接乡村振兴战略打好基础。 | |
| 410 | 0 | @12001 @a皮书系列 |
| 510 | 1 | @aReport on precision-targeted poverty alleviation in shaanxi@h2021@zeng |
| 516 | 1 | @a2021陕西蓝皮书·精准脱贫@A2021 shan xi lan pi shu · jing zhun tuo pin |
| 606 | 0 | @a扶贫@Afu pin@x工作概况@x研究报告@y陕西@z2021 |
| 690 | @aF126@v5 | |
| 701 | 0 | @a司晓宏@Asi xiao hong@4主编 |
| 701 | 0 | @a白宽犁@Abai kuan li@4主编 |
| 701 | 0 | @a于宁锴@Ayu ning kai@4主编 |
| 801 | 0 | @aCN@b人天书店@c20210407 |
| 905 | @aTSG@b0001769@dF126@eS703@f1 | |
| 陕西精准脱贫研究报告.2021= Report on precision-targeted poverty alleviation in shaanxi.2021/主编司晓宏, 白宽犁, 于宁锴.-北京:社会科学文献出版社,2021.01 |
| 299页;25cm.-(皮书系列) |
| 陕西蓝皮书·精准脱贫/陕西省社会科学院编 No.5 2021版.-“十二五”“十三五”国家重点图书出版规划项目 |
| ISBN 978-7-5201-7917-1(精装):CNY158.00 |
| 本书包含总报告、综合篇、区域篇和专题篇四部分, 回顾陕西近年来各个领域脱贫攻坚历程, 深入研究陕西取得的成效与经验, 为巩固脱贫攻坚成果, 有效衔接乡村振兴战略打好基础。 |
| ● |
| 相关链接 |
|
|
|
正题名:陕西精准脱贫研究报告
索取号:F126/S703
 
预约/预借
| 序号 | 登录号 | 条形码 | 馆藏地/架位号 | 状态 | 备注 |
| 1 | 1533261 | 215332619 | 社科库409/409社科库 70排1列2层/ [索取号:F126/S703] | 在馆 |